Náhla príhoda brušná po biopsii duodena.

Bibliographic Details
Main Authors: Krausko, Andrej, 1928-2005 (Author), Hanzel, J. (Author), Horňák, J. (Author), Mokrý, M. (Author)
Format: Article
Language:Slovak

MARC

LEADER 00000nab a2200000uu 4500
001 vtls010896930
003 SK-MaSNL
005 20260303142335.0
008 230222|2008 xo |||||||||||||||||slo|
015 |a SNBRB 
035 |a (urnnbn)urn:nbn:sk:snk:ar-006mcq 
035 |a (uuid)7e0cc21a-cdce-419e-821c-ad144fb2c31d 
035 |a urn:nbn:sk:snk-ab8pgz 
040 |a SNKBUCL  |b slo  |c SNKBUCL  |e AACR2 
041 0 |a slo 
044 |a xo  |c SK 
100 1 |a Krausko, Andrej,  |d 1928-2005  |4 aut  |9 5376 
245 1 0 |a Náhla príhoda brušná po biopsii duodena.  |c A. Krausko, J. Hanzel, J. Horňák, M. Mokrý 
700 1 |a Hanzel, J.  |4 aut  |9 524103 
700 1 |a Horňák, J.  |4 aut  |9 1026249 
700 1 |a Mokrý, M.  |4 aut  |9 1145230 
773 0 |t Miniinvazívna chirurgia a endoskopia  |g Roč. 12, č. 2 (2008), s. 33-35 
954 |a odborná, vedecká literatúra pôvodná (slovenská)  |2 lita 
958 |a OND 
958 |a EUIPO 
958 |a article10 
999 |c 1982131  |d 1984061